| 000 | 00832nam a2200229 i 4500 | ||
|---|---|---|---|
| 001 | bg | ||
| 245 | 0 | 0 |
_aLaboratorium podstaw konstrukcji maszyn : _bpraca zbiorowa / _cpod red. Jana Rysia i Andrzeja Trojnackiego ; [zespół aut. Maria Baczyńska et al.] ; Politechnika Krakowska im. Tadeusza Kościuszki. |
| 260 |
_aKraków : _bPK, _c1994. |
||
| 300 |
_a159 s. : _b2 fot., rys., wykr. ; _c24 cm. |
||
| 504 | _aBibliogr. przy ćwiczeniach. | ||
| 521 | _aSkrypt dla studentów wyższych szkół technicznych. | ||
| 650 | 9 |
_aMaszyny _xbudowa i konstrukcje |
|
| 655 | _aĆwiczenia i zadania | ||
| 700 | 1 |
_aRYŚ, Jan. _eRed. |
|
| 700 | 1 |
_aTROJNACKI, Andrzej. _eRed. |
|
| 700 | 1 | _aBACZYŃSKA, Maria. | |
| 040 | _cBPK | ||
| 041 | 0 | _apl | |
| 080 | _a621.01(075.8)(076) | ||
| 942 | _cKS | ||
| 008 | s pl f |000 0 pol | ||
| 999 |
_c24376 _d24376 |
||
| 856 |
_uhttp://koha.tu.koszalin.pl/cgi-bin/koha/opac-detail.pl?biblionumber=24376 _yKatalog online BPK |
||